000 00629nam a2200181 a 4500
001 000039126
005 20201002031517.0
008 130527s2012 pr 000 0 spa d
020 _a9789945455885
040 _aDO-SdBNP
_bspa
_cBNPHU
100 1 _aGómez Beras, Carlos Roberto
_98928
245 1 0 _aMapa al corazón del hombre :
_bpuesía 2008-2012 /
_cCarlos Roberto Gómez Beras.
260 _aSan Juan, Puerto Rico :
_bIsla Negra Editores,
_c2012.
300 _a215 p. ;
_c22 cm.
490 1 _aFilo de juego
500 _aIncluye datos biográficos del autor en la solapa de la contracubierta
830 0 _aFilo de juego
_91014
999 _c38616
_d38616